书目信息 |
| 题名: |
杨贵妃传
|
|
| 作者: | 何国松 主编 | |
| 分册: | ||
| 出版信息: | 长春 吉林大学出版社 2013 |
|
| 页数: | 346页 | |
| 开本: | 24cm | |
| 丛书名: | ||
| 单 册: | ||
| 中图分类: | K828.5=422 | |
| 科图分类: | ||
| 主题词: | ||
| 电子资源: | ||
| ISBN: | 978-7-5601-5108-3 | |
| 000 | 00835nam0 2200229 450 | |
| 001 | 338015 | |
| 005 | 20150601084332.93 | |
| 010 | @a978-7-5601-5108-3@dCNY39.00 | |
| 100 | @a20100421d2010 em y0chiy50 ea | |
| 101 | 0 | @achi |
| 102 | @aCN@b220000 | |
| 105 | @ay z 000yb | |
| 106 | @ar | |
| 200 | 1 | @a杨贵妃传@Ayang gui fei zhuan@f何国松主编 |
| 210 | @a长春@c吉林大学出版社@d2013 | |
| 215 | @a346页@d24cm | |
| 330 | @a本书以杨贵妃的人生经历为主线, 详细描述了她由一个普通官员的女儿, 凭借天生丽质和歌舞才艺, 于17岁时被选为皇家儿媳, 5年后又奉敕离俗入道, 不久即被唐明皇纳入皇宫, 册为贵妃, 享尽了人间荣华富贵, 但最终却被白绢绞颈, 不得善终的生命历程。 | |
| 600 | 0 | @a杨贵妃@f(719-756)@x传记 |
| 690 | @aK828.5=422@v5 | |
| 701 | 0 | @a何国松@Ahe guo song@4主编 |
| 801 | 0 | @aCN@b卓展宏图@c20150525 |
| 905 | @dK828.5=422@e51HG@f3 | |
| 杨贵妃传/何国松主编.-长春:吉林大学出版社,2013 |
| 346页;24cm |
| ISBN 978-7-5601-5108-3:CNY39.00 |
| 本书以杨贵妃的人生经历为主线, 详细描述了她由一个普通官员的女儿, 凭借天生丽质和歌舞才艺, 于17岁时被选为皇家儿媳, 5年后又奉敕离俗入道, 不久即被唐明皇纳入皇宫, 册为贵妃, 享尽了人间荣华富贵, 但最终却被白绢绞颈, 不得善终的生命历程。 |
| ● |
| 相关链接 |
|
|
|
|
正题名:杨贵妃传
索取号:K828.5=422/51HG
 
预约/预借
| 序号 | 登录号 | 条形码 | 馆藏地/架位号 | 状态 | 备注 |
| 1 | 857101 | 208571017 | 第二样本阅览室/ [索取号:K828.5=422/51HG] | 在馆 | |
| 2 | 857102 | 208571026 | 第二借阅区/ [索取号:K828.5=422/51HG] | 在馆 | |
| 3 | 857103 | 208571035 | 第二借阅区/ [索取号:K828.5=422/51HG] | 在馆 |